Fr. Conceicao Rodrigues College of Engineering

SQL Server Systems Administration (Record no. 21214)

MARC details
000 -LEADER
fixed length control field 00299nam a2200145Ia 4500
082 ## - DEWEY DECIMAL CLASSIFICATION NUMBER
Classification number 5.72
Item number BAI/DAR
100 ## - MAIN ENTRY--PERSONAL NAME
Personal name Baird /Sean
245 ## - TITLE STATEMENT
Title SQL Server Systems Administration
260 ## - PUBLICATION, DISTRIBUTION, ETC.
Name of publisher, distributor, etc. Techmedia
Date of publication, distribution, etc. 1999
300 ## - PHYSICAL DESCRIPTION
Extent 328
546 ## - LANGUAGE NOTE
Language note ENGLISH
654 ## - SUBJECT ADDED ENTRY--FACETED TOPICAL TERMS
Focus term SQL
942 ## - ADDED ENTRY ELEMENTS (KOHA)
Koha item type BOOK
Holdings
Withdrawn status Lost status Damaged status Not for loan Collection Home library Current library Date acquired Total Checkouts Full call number Barcode Date last seen Price effective from Koha item type
        CRC Fr. Agnel's C.Rodrigues College of Engineering Fr. Agnel's C.Rodrigues College of Engineering 17/03/2023   5.72 BAI/DAR 11061 17/03/2023 17/03/2023 BOOK